[Event "IMSA Elite Mind Games (Blitz)"]
[Site "?"]
[Date "2017.12.13"]
[EventDate "?"]
[Round "14.4"]
[Result "1/2-1/2"]
[White "Vladislav Artemiev"]
[Black "Wang Hao"]
[WhiteElo "2798"]
[BlackElo "2737"]
[PlyCount "138"]

1. d4 d5 2. Bg5 Nf6 3. Nd2 g6 4. e3 Bg7 5. Ngf3 O-O 6. Be2 c5
7. c3 cxd4 8. exd4 Nc6 9. O-O Bf5 10. Re1 Ne4 11. Nxe4 Bxe4
12. Nd2 Bf5 13. Qb3 h6 14. Bh4 Qd7 15. Bb5 Rfe8 16. Nf3 Be4
17. Ne5 Bxe5 18. dxe5 a6 19. Bf1 g5 20. Bg3 Qe6 21. Rad1 Red8
22. h4 b5 23. a4 bxa4 24. Qxa4 Bg6 25. Be2 a5 26. Bg4 Bc2
27. Qxc2 Qxg4 28. hxg5 hxg5 29. e6 f5 30. Bc7 Rdc8 31. f3 Qh5
32. Be5 f4 33. Kf2 Nxe5 34. Rxe5 Kh8 35. Rxg5 Qxg5 36. Rh1+
Kg7 37. Qh7+ Kf6 38. Rh6+ Ke5 39. Rh5 Qxh5 40. Qxh5+ Kd6
41. Qg5 Rf8 42. Qg7 Rf6 43. Qh7 Rb8 44. Qc2 Rxe6 45. Qd2 Kc6
46. Kf1 Rf6 47. Qe2 Kd7 48. Qd2 Rd6 49. Qxf4 Rxb2 50. Qa4+ Ke6
51. Qxa5 Kf7 52. Qc5 Rc2 53. Qe3 Ra2 54. Kg1 Ke8 55. Qe5 Rc2
56. Kh2 Rh6+ 57. Kg3 Rg6+ 58. Kf4 Rcxg2 59. Qxd5 Rf6+ 60. Ke3
Rg3 61. Qh5+ Kf8 62. c4 Rgxf3+ 63. Qxf3 Rxf3+ 64. Kxf3 Ke8
65. Ke4 Kd7 66. Kd5 Kc7 67. Ke6 Kc6 68. Kxe7 Kc5 69. Ke6 Kxc4
1/2-1/2

[Event "IMSA Elite Mind Games (Blitz)"]
[Site "?"]
[Date "2017.12.13"]
[EventDate "?"]
[Round "15.4"]
[Result "1-0"]
[White "Wang Hao"]
[Black "Pentala Harikrishna"]
[WhiteElo "2737"]
[BlackElo "2759"]
[PlyCount "101"]

1. e4 c5 2. Nf3 e6 3. c3 Nf6 4. e5 Nd5 5. d4 cxd4 6. cxd4 d6
7. a3 Be7 8. Bd3 O-O 9. O-O b6 10. Qc2 g6 11. Bh6 Re8 12. Nbd2
Ba6 13. Bxa6 Nxa6 14. Ne4 dxe5 15. Nxe5 Rc8 16. Qd3 Nb8
17. Qf3 f5 18. Rac1 Nd7 19. Nc6 Rxc6 20. Rxc6 fxe4 21. Qxe4
Bf8 22. Rxe6 N7f6 23. Rxe8 Qxe8 24. Qxe8 Nxe8 25. Bxf8 Kxf8
26. Re1 Kf7 27. g3 a5 28. Kg2 Nd6 29. Rc1 Ke7 30. Kf3 a4
31. Ke2 b5 32. Kd3 Nc4 33. Rxc4 bxc4+ 34. Kxc4 Nf6 35. f3 g5
36. Kb5 Nd5 37. Kxa4 Ne3 38. Kb5 Kd6 39. a4 Nf1 40. h4 Nxg3
41. hxg5 Nf5 42. Kb6 Kd7 43. a5 Kc8 44. a6 Kb8 45. d5 Nd6
46. b3 Nc8+ 47. Kc5 Kc7 48. f4 Na7 49. f5 Nc8 50. f6 Nd6
51. a7 1-0

[Event "IMSA Elite Mind Games (Blitz)"]
[Site "?"]
[Date "2017.12.13"]
[EventDate "?"]
[Round "16.3"]
[Result "1-0"]
[White "Rauf Mamedov"]
[Black "Wang Hao"]
[WhiteElo "2755"]
[BlackElo "2737"]
[PlyCount "135"]

1. e4 e5 2. Nc3 Nf6 3. g3 d5 4. exd5 Nxd5 5. Bg2 Nf6 6. Nf3
Nc6 7. O-O Bc5 8. d3 O-O 9. h3 Re8 10. Re1 Bb6 11. Be3 h6
12. g4 Nh7 13. Bxb6 axb6 14. d4 exd4 15. Rxe8+ Qxe8 16. Nxd4
Nxd4 17. Qxd4 Nf6 18. Rd1 Be6 19. Bxb7 Rb8 20. Bg2 Qe7 21. a4
h5 22. g5 Nd7 23. Qf4 Nf8 24. Nb5 Rc8 25. Qe3 Qb4 26. b3 Ng6
27. Qd4 Qe7 28. h4 Bg4 29. f3 Bf5 30. Qf2 Re8 31. Nd4 Qd6
32. Rd2 Bc8 33. Nb5 Qe5 34. Bf1 Nf4 35. Qd4 Qf5 36. Kf2 Bb7
37. Kg3 Ng6 38. Bg2 c5 39. Nd6 Qe6 40. Qc3 Bd5 41. Nxe8 Qxe8
42. Rxd5 Qb8+ 43. Kf2 Qh2 44. Qd3 Qxh4+ 45. Kf1 Qf4 46. Qe4
Qc1+ 47. Kf2 h4 48. Bh3 Qh1 49. Bf5 Qh2+ 50. Ke1 Qg1+ 51. Ke2
Qg2+ 52. Kd1 Qg1+ 53. Kd2 Qxg5+ 54. f4 Qg3 55. Bxg6 fxg6
56. Rg5 Qf2+ 57. Kc1 h3 58. Qe6+ Kf8 59. Qc8+ Kf7 60. Qd7+ Kf8
61. Qd8+ Kf7 62. Qd5+ Kf8 63. Qd6+ Kf7 64. Qxg6+ Ke7 65. Re5+
Kd7 66. Qf7+ Kc6 67. Re6+ Kd5 68. Qd7# 1-0

[Event "IMSA Elite Mind Games (Blitz)"]
[Site "?"]
[Date "2017.12.13"]
[EventDate "?"]
[Round "17.5"]
[Result "0-1"]
[White "Wang Hao"]
[Black "Yu Yangyi"]
[WhiteElo "2737"]
[BlackElo "2701"]
[PlyCount "136"]

1. e4 d6 2. d4 Nf6 3. Nc3 g6 4. Nf3 Bg7 5. Be2 O-O 6. O-O a6
7. a4 Nc6 8. h3 e5 9. dxe5 dxe5 10. Bc4 h6 11. Be3 Qe7 12. Qe2
Be6 13. Rfd1 Rad8 14. Bb3 Rfe8 15. Rxd8 Rxd8 16. Bxe6 Qxe6
17. Rd1 Rxd1+ 18. Qxd1 Qc4 19. Qd3 Qxd3 20. cxd3 Ne8 21. Kf1
Nd4 22. Bxd4 exd4 23. Nd5 a5 24. Ke2 Kf8 25. Kd2 c6 26. Nb6
Nd6 27. e5 Nf5 28. Nc4 b5 29. Nxa5 bxa4 30. Nxc6 h5 31. g4
hxg4 32. hxg4 Nh6 33. g5 Ng4 34. Ke2 Ke8 35. Ncxd4 Nxe5
36. Nxe5 Bxe5 37. Ke3 Kd7 38. Ke4 Bh8 39. Kd5 Bg7 40. f4 Kc7
41. Kc5 Kd7 42. Kd5 Kc7 43. Kc4 Kb6 44. Kd5 Kc7 45. Kc5 Kd7
46. Kd5 Kc7 47. Kc4 Kb6 48. Kd5 Kc7 49. Kc5 Kd7 50. Kc4 Bh8
51. Kd5 Bg7 52. Kc5 Bh8 53. Kd5 Bg7 54. Kc5 Bh8 55. Kc4 Bg7
56. Kd5 Bh8 57. Kc5 Bg7 58. Nc2 Bxb2 59. Kb4 Bc1 60. f5 gxf5
61. Kxa4 Kd6 62. Kb4 f4 63. Nd4 Ke5 64. Nf3+ Kf5 65. Kc3 Kg4
66. Ne5+ Kg3 67. Kc2 Ba3 68. Kd2 f3 0-1

[Event "IMSA Elite Mind Games (Blitz)"]
[Site "?"]
[Date "2017.12.13"]
[EventDate "?"]
[Round "18.1"]
[Result "1/2-1/2"]
[White "Dmitry Andreikin"]
[Black "Wang Hao"]
[WhiteElo "2771"]
[BlackElo "2737"]
[PlyCount "219"]

1. d4 e6 2. e4 d5 3. exd5 exd5 4. Nf3 Nf6 5. Bd3 Bd6 6. Qe2+
Be6 7. c4 O-O 8. c5 Be7 9. O-O Bg4 10. h3 Bxf3 11. Qxf3 Nc6
12. Be3 Nb4 13. Bf5 g6 14. a3 Nc6 15. Bc2 Na5 16. Nd2 c6
17. b3 b6 18. Rfe1 Re8 19. b4 Nb7 20. Bg5 Nh5 21. Bxe7 Rxe7
22. a4 bxc5 23. dxc5 a5 24. b5 Nxc5 25. Qc3 Rxe1+ 26. Rxe1 Qd6
27. bxc6 Ng7 28. Nf3 Qxc6 29. Ne5 Qd6 30. Ng4 d4 31. Qc4 Nge6
32. Ne5 Rb8 33. f4 Rb4 34. Qf1 d3 35. Nxd3 Nxd3 36. Qxd3 Qxd3
37. Bxd3 Rxa4 38. f5 gxf5 39. Bxf5 Nd4 40. Bd7 Ra2 41. Re4 Rd2
42. Kf1 Kg7 43. Rf4 Nc2 44. Bc6 Ne3+ 45. Kg1 Rd6 46. Ba4 Rf6
47. Re4 Nd5 48. Re5 Rd6 49. Bb3 Nf4 50. Rxa5 Rg6 51. Rf5 Nxh3+
52. Kh2 Ng5 53. Bd5 h6 54. Bf3 Rb6 55. Rf4 Kg6 56. Be4+ Kg7
57. Bf3 Rb2 58. Bd5 Rd2 59. Bc6 Rd6 60. Bf3 Rf6 61. Rxf6 Kxf6
62. Bc6 Ke5 63. Kg3 Ne4+ 64. Kh4 Nf6 65. Kg3 Kf5 66. Bb7 Kg5
67. Ba8 Nh5+ 68. Kf3 f5 69. Bb7 Nf6 70. Ba8 Nd7 71. Bb7 Ne5+
72. Kg3 h5 73. Ba8 Ng4 74. Bb7 Ne3 75. Ba8 h4+ 76. Kh3 Nf1
77. Bb7 Ng3 78. Ba8 Ne2 79. Bb7 Nf4+ 80. Kh2 Nh5 81. Kh3 Ng3
82. Ba8 f4 83. Bb7 Nf5 84. Be4 Nd4 85. Bb7 Nf5 86. Ba8 Ne7
87. Bb7 Ng6 88. Be4 Ne5 89. Bb7 Nd3 90. Ba8 Nf2+ 91. Kh2 Kf5
92. Kg1 Ng4 93. Bf3 Ne3 94. Kh2 Kg5 95. Kh3 Nf1 96. Bb7 Nd2
97. Bc6 Nc4 98. Bb7 Ne5 99. Ba8 Nd3 100. Bb7 Nf2+ 101. Kh2 Kf5
102. Kg1 Ne4 103. Kh2 Ng5 104. Kg1 Ke5 105. Kf2 Kd4 106. Ba8
h3 107. gxh3 Nxh3+ 108. Kf3 Ng5+ 109. Kxf4 Ke5+ 110. Ke4+
1/2-1/2

[Event "IMSA Elite Mind Games (Blitz)"]
[Site "?"]
[Date "2017.12.13"]
[EventDate "?"]
[Round "20.6"]
[Result "1-0"]
[White "Le Quang Liem"]
[Black "Wang Hao"]
[WhiteElo "2771"]
[BlackElo "2737"]
[PlyCount "205"]

1. d4 Nf6 2. c4 e6 3. Nf3 d5 4. g3 dxc4 5. Bg2 Bb4+ 6. Bd2 a5
7. O-O O-O 8. Qc2 Bxd2 9. Qxd2 b5 10. a4 c6 11. Ne5 Ra6
12. Na3 Bd7 13. e4 Be8 14. Rfd1 Nbd7 15. Qe3 Qb8 16. f4 Nb6
17. Nxc6 Bxc6 18. axb5 Bxb5 19. Nxb5 Nbd5 20. exd5 Qxb5
21. dxe6 Rxe6 22. Qc3 a4 23. Rac1 Re2 24. Bf1 Rxb2 25. Bxc4
Qb7 26. d5 Ne4 27. Qd4 Nd6 28. Ba6 Qb3 29. Bf1 a3 30. Rc3 Qa2
31. Qa4 Rxh2 32. Rf3 Rh6 33. Bg2 Qe2 34. Rxa3 Nc4 35. Ra2 Qh5
36. Re1 Qh2+ 37. Kf2 Rg6 38. Qb3 Nd6 39. Rae2 Nf5 40. Re8
Qxg3+ 41. Qxg3 Nxg3 42. d6 Rxd6 43. Kxg3 g6 44. Bf3 Rxe8
45. Rxe8+ Kg7 46. Re7 Rf6 47. Bd5 h6 48. Rd7 Rf5 49. Be4 Rf6
50. Kg4 Re6 51. Bd5 Rf6 52. Bc4 Rf5 53. Bd3 Rf6 54. Rc7 Re6
55. f5 gxf5+ 56. Bxf5 Rf6 57. Be4 Re6 58. Bd5 Rf6 59. Be4 Re6
60. Bf5 Rf6 61. Kf4 Ra6 62. Bd3 Rf6+ 63. Ke5 Re6+ 64. Kd4 Rd6+
65. Ke3 Re6+ 66. Be4 Rf6 67. Bd5 Rf5 68. Ke4 Rf6 69. Ke5 Rf1
70. Rc3 Rf6 71. Rg3+ Rg6 72. Rf3 Rg5+ 73. Kd6 Rg6+ 74. Ke7 f6
75. Bf7 Rg5 76. Rxf6 h5 77. Be6 Rg6 78. Rf5 h4 79. Rf4 h3
80. Bxh3 Rb6 81. Be6 Rb7+ 82. Bd7 Kg6 83. Rg4+ Kh5 84. Rg1 Kh4
85. Ke6 Ra7 86. Bc6 Ra6 87. Kd5 Ra5+ 88. Ke4 Rg5 89. Rh1+ Kg3
90. Ke3 Ra5 91. Rg1+ Kh2 92. Rg2+ Kh3 93. Rg8 Ra6 94. Bf3 Rf6
95. Kf2 Kh4 96. Rg7 Ra6 97. Rg4+ Kh3 98. Rg1 Kh4 99. Rg4+ Kh3
100. Rb4 Ra2+ 101. Be2 Rc2 102. Rb1 Kh4 103. Rb5 1-0

[Event "IMSA Elite Mind Games (Blitz)"]
[Site "?"]
[Date "2017.12.13"]
[EventDate "?"]
[Round "21.6"]
[Result "1-0"]
[White "Alexander Grischuk"]
[Black "Wang Hao"]
[WhiteElo "2725"]
[BlackElo "2737"]
[PlyCount "59"]

1. e4 e5 2. Nf3 Nc6 3. Bb5 Nf6 4. d3 d6 5. O-O Bd7 6. c3 g6
7. h3 Bg7 8. Be3 O-O 9. Nbd2 Nh5 10. Ba4 Kh8 11. d4 f5
12. exf5 gxf5 13. dxe5 dxe5 14. Nxe5 Nxe5 15. Bxd7 Qxd7
16. Qxh5 Qb5 17. Bd4 Qxb2 18. Bxe5 Bxe5 19. Nf3 Bf6 20. Rab1
Qxa2 21. Rxb7 Qc4 22. Qxf5 a5 23. Ne5 Qxc3 24. Nd7 Rf7 25. Qe6
Kg7 26. Rb3 Qd2 27. Rg3+ Bg5 28. Ne5 Rf6 29. Qe7+ Kh8
30. Qxf6+ 1-0

[Event "IMSA Elite Mind Games (Blitz)"]
[Site "?"]
[Date "2017.12.13"]
[EventDate "?"]
[Round "22.2"]
[Result "1-0"]
[White "Wang Hao"]
[Black "Vassily Ivanchuk"]
[WhiteElo "2737"]
[BlackElo "2815"]
[PlyCount "47"]

1. e4 c5 2. Nf3 d6 3. d4 cxd4 4. Nxd4 Nf6 5. Nc3 Nc6 6. Bg5 e6
7. Qd2 a6 8. O-O-O h6 9. Nxc6 bxc6 10. Bf4 d5 11. Qe3 Bb4
12. Be2 O-O 13. e5 Nd7 14. Qg3 Kh8 15. Qh3 Kg8 16. Rd3 Be7
17. Rg3 Bh4 18. Bxh6 g6 19. Rg4 Bxf2 20. Rf1 Bc5 21. Bg5 Be7
22. Bxe7 Qxe7 23. Qh6 Nxe5 24. Rh4 1-0

[Event "World Rapid Championship"]
[Site "Riyadh KSA"]
[Date "2017.12.26"]
[EventDate "2017.12.26"]
[Round "1.9"]
[Result "1-0"]
[White "Wang Hao"]
[Black "Francisco Vallejo Pons"]
[WhiteElo "2709"]
[BlackElo "2707"]
[PlyCount "69"]

1. e4 e5 2. Nf3 Nc6 3. Bb5 a6 4. Ba4 b5 5. Bb3 Na5 6. O-O d6
7. d4 exd4 8. Nxd4 Bb7 9. a4 c5 10. Qf3 Nf6 11. Nf5 g6 12. Nh6
Nxb3 13. Qxb3 Qd7 14. axb5 axb5 15. Rxa8+ Bxa8 16. Re1 Bxh6
17. Bxh6 Ng4 18. Bg7 Rg8 19. Bc3 b4 20. h3 Ne5 21. Bxe5 dxe5
22. c3 Ke7 23. cxb4 Qb5 24. Qg3 cxb4 25. Qh4+ Ke6 26. Nd2 h5
27. Nf3 f6 28. Qg3 g5 29. Nd4+ exd4 30. Qb3+ Bd5 31. exd5+ Kf5
32. Qf3+ Kg6 33. Re7 Rg7 34. Qe4+ Kh6 35. Qxd4 1-0

[Event "World Rapid Championship"]
[Site "Riyadh KSA"]
[Date "2017.12.26"]
[EventDate "2017.12.26"]
[Round "2.5"]
[Result "0-1"]
[White "Jan-Krzysztof Duda"]
[Black "Wang Hao"]
[WhiteElo "2717"]
[BlackElo "2709"]
[PlyCount "98"]

1. d4 Nf6 2. c4 e6 3. Nf3 d5 4. Nc3 c6 5. e3 Nbd7 6. Qc2 Bd6
7. b3 O-O 8. Bb2 e5 9. Be2 e4 10. Nd2 Re8 11. g4 Nf8 12. h3
Be6 13. O-O-O a6 14. c5 Bc7 15. Rdg1 N6d7 16. h4 b6 17. cxb6
Nxb6 18. Kb1 a5 19. a4 Bd6 20. g5 Qe7 21. h5 Bf5 22. Nf1 Ne6
23. Ng3 Bxg3 24. Rxg3 Nxg5 25. f4 Ne6 26. h6 g6 27. Ka2 Rec8
28. Qd2 Nd7 29. Ba3 Qd8 30. Rgg1 Nf6 31. Bd1 Rab8 32. Rh2 c5
33. Nb5 Rxb5 34. axb5 cxd4 35. exd4 Qb6 36. Qe3 Qxb5 37. Rc2
Rxc2+ 38. Bxc2 Ng4 39. Qc3 Nxh6 40. Bd1 Kg7 41. Rg2 Qf1
42. Rd2 Qe1 43. Be2 Nxf4 44. Qe3 Ne6 45. Qc3 Ng4 46. Bxg4 Bxg4
47. Qb2 e3 48. Rd3 e2 49. Bd6 Qd1 0-1

[Event "World Rapid Championship"]
[Site "Riyadh KSA"]
[Date "2017.12.26"]
[EventDate "2017.12.26"]
[Round "3.4"]
[Result "1/2-1/2"]
[White "Wang Hao"]
[Black "Pavel Ponkratov"]
[WhiteElo "2709"]
[BlackElo "2613"]
[PlyCount "111"]

1. e4 g6 2. d4 Bg7 3. c4 c5 4. d5 d6 5. Nc3 Nf6 6. Nf3 O-O
7. h3 e6 8. Bd3 exd5 9. cxd5 b5 10. Nxb5 Re8 11. Nd2 Nxd5
12. Nc4 Nb4 13. Nbxd6 Ba6 14. Be2 Re6 15. Bf4 Nd7 16. a3 Nc6
17. O-O Nd4 18. Bd3 Nb6 19. e5 f6 20. Be3 Nxc4 21. Bxc4 Bxc4
22. Nxc4 fxe5 23. b4 Qd5 24. Rc1 cxb4 25. axb4 Rb8 26. Nb2 a5
27. Bxd4 exd4 28. Nd3 Ra6 29. Rc5 Qa2 30. Qc1 Bf8 31. Rxa5
Rxa5 32. bxa5 Ra8 33. Qa1 Qd5 34. a6 Qc4 35. Ne5 Qd5 36. Re1
Bg7 37. Nd3 Qc4 38. a7 Qf7 39. Qa4 Rxa7 40. Qc6 Re7 41. Qa8+
Qf8 42. Qd5+ Kh8 43. Rxe7 Qxe7 44. g3 Bf6 45. Kg2 Kg7 46. h4
Qd8 47. Qb7+ Qe7 48. Qc6 Qd8 49. Nf4 Qe7 50. Qd5 Qe5 51. Qd7+
Kh6 52. Qc6 Bxh4 53. Qd7 Bf6 54. Qh3+ Kg7 55. Qd7+ Qe7
56. Qxe7+ 1/2-1/2

[Event "World Rapid Championship"]
[Site "Riyadh KSA"]
[Date "2017.12.26"]
[EventDate "2017.12.26"]
[Round "4.4"]
[Result "1-0"]
[White "Baadur Aleksandrovich Jobava"]
[Black "Wang Hao"]
[WhiteElo "2690"]
[BlackElo "2709"]
[PlyCount "57"]

1. d4 Nf6 2. Bg5 d5 3. e3 c5 4. Bxf6 gxf6 5. dxc5 e6 6. c4
dxc4 7. Nd2 c3 8. bxc3 Nd7 9. Bb5 Bxc5 10. Qh5 f5 11. Ngf3 Qf6
12. Rd1 a6 13. Be2 Be7 14. Nd4 Qg6 15. Qh3 Ne5 16. O-O Bd7
17. f4 Ng4 18. Nc4 Rd8 19. Qf3 Bc8 20. Nc6 Rxd1 21. Rxd1 Bf6
22. Na7 O-O 23. h3 b5 24. Nd6 Bd7 25. hxg4 fxg4 26. Qxg4 Be7
27. Qxg6+ hxg6 28. Bf3 Rb8 29. Nxf7 1-0

[Event "World Rapid Championship"]
[Site "Riyadh KSA"]
[Date "2017.12.26"]
[EventDate "2017.12.26"]
[Round "5.17"]
[Result "1-0"]
[White "Wang Hao"]
[Black "Bassem Amin"]
[WhiteElo "2709"]
[BlackElo "2689"]
[PlyCount "47"]

1. e4 e5 2. Nf3 Nc6 3. Bb5 a6 4. Ba4 Nf6 5. O-O Be7 6. Re1 b5
7. Bb3 d6 8. c3 O-O 9. d4 Bg4 10. Be3 exd4 11. cxd4 Na5
12. Bc2 c5 13. Nbd2 cxd4 14. Bxd4 Nc6 15. Be3 d5 16. h3 Bh5
17. g4 Bg6 18. Nh4 Bxe4 19. g5 Bxc2 20. Qxc2 Nb4 21. Qb3 Ne4
22. Nf5 Nc6 23. Nxe4 dxe4 24. Qc3 1-0

[Event "World Rapid Championship"]
[Site "Riyadh KSA"]
[Date "2017.12.27"]
[EventDate "2017.12.26"]
[Round "6.8"]
[Result "0-1"]
[White "Olexandr Bortnyk"]
[Black "Wang Hao"]
[WhiteElo "2610"]
[BlackElo "2709"]
[PlyCount "82"]

1. d4 d5 2. Nc3 Nf6 3. Bf4 a6 4. e3 e6 5. Nf3 c5 6. a3 Nc6
7. Bd3 c4 8. Be2 b5 9. Ne5 Bb7 10. O-O Be7 11. Bg3 Nxe5
12. dxe5 Nd7 13. Qd4 f5 14. exf6 Bxf6 15. Qd2 O-O 16. Rad1 Nc5
17. Bf3 Qb6 18. Rfe1 Rad8 19. Qc1 Kh8 20. h4 a5 21. e4 d4
22. e5 Be7 23. Bxb7 Qxb7 24. Ne2 d3 25. Nf4 Qb6 26. cxd3 Nxd3
27. Nxd3 Rxd3 28. Rxd3 cxd3 29. Qd2 Rd8 30. Rc1 b4 31. a4 b3
32. Qe3 d2 33. Rd1 Qxe3 34. fxe3 Bb4 35. Kf2 Rc8 36. Ke2 Rc2
37. e4 Rxb2 38. Bf4 Rc2 39. Kd3 Rc8 40. Bxd2 Rd8+ 41. Kc4 b2
0-1

[Event "World Rapid Championship"]
[Site "Riyadh KSA"]
[Date "2017.12.27"]
[EventDate "2017.12.26"]
[Round "7.3"]
[Result "1-0"]
[White "Wang Hao"]
[Black "Laurent Fressinet"]
[WhiteElo "2709"]
[BlackElo "2662"]
[PlyCount "115"]

1. e4 e5 2. Nf3 Nc6 3. Bb5 a6 4. Ba4 d6 5. O-O Bd7 6. d4 exd4
7. Nxd4 b5 8. Nxc6 Bxc6 9. Bb3 Nf6 10. Re1 Be7 11. Nc3 O-O
12. a3 Re8 13. Qf3 a5 14. Bd2 Rb8 15. g4 b4 16. axb4 axb4
17. Nd5 Nxd5 18. Bxd5 Bxd5 19. exd5 Bf6 20. Rxe8+ Qxe8 21. Re1
Qb5 22. b3 Qc5 23. Qe4 h6 24. Kg2 Bc3 25. Bxc3 Qxc3 26. Re3
Qc5 27. h4 c6 28. dxc6 Rc8 29. Rf3 Qxc6 30. Qxb4 Qxc2 31. Qxd6
Qe4 32. Qd7 Rf8 33. h5 f5 34. gxf5 Rf7 35. Qc8+ Kh7 36. Qc4
Qb7 37. Qg4 Rf6 38. Kh2 Qc7+ 39. Qg3 Qd7 40. Rf4 Qe8 41. Qf3
Qb8 42. Kg2 Qb5 43. b4 Qe8 44. Re4 Qd7 45. Rf4 Qe8 46. Rd4 Qb8
47. Qg4 Qb7+ 48. Kg1 Qc7 49. b5 Kh8 50. Rd5 Rf8 51. Kg2 Qb7
52. Qf3 Qb6 53. Re5 Qb8 54. Qe4 Qd8 55. Re7 Rg8 56. f6 gxf6+
57. Kh3 Qc8+ 58. Kh4 1-0

[Event "World Rapid Championship"]
[Site "Riyadh KSA"]
[Date "2017.12.27"]
[EventDate "2017.12.26"]
[Round "8.3"]
[Result "0-1"]
[White "Vladimir Onischuk"]
[Black "Wang Hao"]
[WhiteElo "2748"]
[BlackElo "2770"]
[PlyCount "102"]

1. e4 e5 2. Nf3 Nc6 3. Bc4 Nf6 4. d3 Be7 5. O-O O-O 6. Nbd2 d6
7. c3 Na5 8. Bb5 a6 9. Ba4 c5 10. Re1 b5 11. Bc2 Nc6 12. Nf1
Re8 13. Ng3 Bf8 14. d4 exd4 15. cxd4 Bg4 16. Be3 g6 17. a4 Rc8
18. axb5 axb5 19. Bb3 c4 20. Bc2 Nh5 21. Nxh5 Bxh5 22. h3 Bxf3
23. Qxf3 Bg7 24. Red1 Qe7 25. Qe2 f5 26. f3 Nb4 27. Bb1 fxe4
28. fxe4 Nd3 29. Rxd3 cxd3 30. Qxd3 Kh8 31. Qxb5 Rb8 32. Qe2
Rb4 33. Qd2 Qb7 34. Ra2 Qb6 35. e5 dxe5 36. dxe5 Qb5 37. e6
Qe5 38. Bf2 Rb7 39. b4 Qxe6 40. Ra3 Rd7 41. Rd3 Red8 42. Rxd7
Rxd7 43. Qc2 Qd6 44. Qe4 Bd4 45. Bxd4+ Qxd4+ 46. Qxd4+ Rxd4
47. Kf2 Rxb4 48. Bd3 Kg7 49. g3 Kf6 50. h4 Rb2+ 51. Kg1 Rb3
0-1

[Event "World Rapid Championship"]
[Site "Riyadh KSA"]
[Date "2017.12.28"]
[EventDate "2017.12.26"]
[Round "11.4"]
[Result "1/2-1/2"]
[White "Wang Hao"]
[Black "Eltaj Safarli"]
[WhiteElo "2709"]
[BlackElo "2639"]
[PlyCount "52"]

1. e4 c5 2. Nf3 Nc6 3. d4 cxd4 4. Nxd4 e6 5. Nc3 Qc7 6. Be2
Nf6 7. O-O Be7 8. Be3 O-O 9. f4 d6 10. Kh1 Nxd4 11. Qxd4 b6
12. Bf3 Bb7 13. Nb5 Qb8 14. c4 Rd8 15. Qd3 a6 16. Nc3 Qc7
17. Rac1 Rac8 18. b3 Nd7 19. Rfd1 Nc5 20. Qb1 Qb8 21. Bd4 Nd7
22. Qd3 Bc6 23. Qe2 Bf6 24. Bxf6 Nxf6 25. a4 Nd7 26. h3 Nc5
1/2-1/2

[Event "World Rapid Championship"]
[Site "Riyadh KSA"]
[Date "2017.12.28"]
[EventDate "2017.12.26"]
[Round "12.2"]
[Result "1/2-1/2"]
[White "Peter Svidler"]
[Black "Wang Hao"]
[WhiteElo "2743"]
[BlackElo "2770"]
[PlyCount "45"]

1. c4 e6 2. Nc3 d5 3. d4 Nf6 4. cxd5 Nxd5 5. e4 Nxc3 6. bxc3
c5 7. Rb1 Be7 8. Nf3 O-O 9. Bc4 Nc6 10. O-O b6 11. d5 Na5
12. Bd3 c4 13. Bc2 exd5 14. exd5 Bg4 15. Re1 Bd6 16. Qd4 Bxf3
17. gxf3 f5 18. Re6 Qc7 19. Kh1 Nb7 20. Bh6 Bc5 21. d6 Nxd6
22. Qd5 Qb7 23. Rxd6+ 1/2-1/2

[Event "World Rapid Championship"]
[Site "Riyadh KSA"]
[Date "2017.12.28"]
[EventDate "2017.12.26"]
[Round "13.1"]
[Result "1/2-1/2"]
[White "Magnus Carlsen"]
[Black "Wang Hao"]
[WhiteElo "2837"]
[BlackElo "2709"]
[PlyCount "104"]

1. e4 e5 2. Nf3 Nc6 3. Bb5 Nf6 4. O-O Nxe4 5. Re1 Nd6 6. Nxe5
Be7 7. Bf1 Nxe5 8. Rxe5 O-O 9. d4 Bf6 10. Re1 Re8 11. Bf4 Rxe1
12. Qxe1 Ne8 13. Bd3 d5 14. Be5 g6 15. Bxf6 Nxf6 16. Nd2 Qe8
17. Qc1 Bg4 18. Qe1 Qxe1+ 19. Rxe1 Re8 20. Kf1 Kf8 21. f3 Bc8
22. Kf2 Rxe1 23. Kxe1 Nh5 24. g3 Ng7 25. c3 Bf5 26. Be2 g5
27. Nf1 c6 28. Kd2 Ke7 29. a3 Be6 30. b3 h6 31. Ne3 Ne8 32. c4
Nd6 33. c5 Nf5 34. Nc2 Ng7 35. b4 Bf5 36. Ne3 Bg6 37. Kc3 Ne6
38. Ng2 Kd7 39. a4 Kc7 40. Ne3 h5 41. Ng2 b6 42. a5 b5 43. h4
f6 44. Bf1 Kd8 45. Ne3 gxh4 46. gxh4 Nf4 47. Ng2 Nxg2 48. Bxg2
f5 49. f4 a6 50. Bxd5 cxd5 51. Kd2 Be8 52. Ke3 Bc6 1/2-1/2

[Event "World Rapid Championship"]
[Site "Riyadh KSA"]
[Date "2017.12.28"]
[EventDate "2017.12.26"]
[Round "14.5"]
[Result "1/2-1/2"]
[White "Wang Hao"]
[Black "Le Quang Liem"]
[WhiteElo "2770"]
[BlackElo "2750"]
[PlyCount "164"]

1. e4 c5 2. Nf3 e6 3. c3 d5 4. exd5 Qxd5 5. d4 Nf6 6. Na3 Qd8
7. Nc4 Nc6 8. Nce5 Nxe5 9. Nxe5 a6 10. Qa4+ Nd7 11. Be3 cxd4
12. Bxd4 f6 13. Nf3 Qc7 14. O-O-O Qc6 15. Qxc6 bxc6 16. Nd2 e5
17. Be3 Bc5 18. Nb3 Bxe3+ 19. fxe3 Kd8 20. Rd6 Kc7 21. Re6 a5
22. Re7 a4 23. Nd2 g6 24. Be2 Ra7 25. Rd1 Kb8 26. Ne4 Rc7
27. a3 Nc5 28. Rxc7 Nb3+ 29. Kc2 Kxc7 30. Nxf6 Rf8 31. Rf1
Bf5+ 32. e4 Rxf6 33. exf5 gxf5 34. Bd3 Rg6 35. g3 Rh6 36. h4
f4 37. Rg1 Kb6 38. gxf4 exf4 39. Rg4 Rf6 40. Bxh7 Nc5 41. Bd3
Nxd3 42. Kxd3 f3 43. Rg1 Rf4 44. Rh1 f2 45. Ke2 f1=Q+ 46. Rxf1
Rxh4 47. Kd1 Rh2 48. Kc1 Kb5 49. Kb1 Rh4 50. Rf2 c5 51. Ka2
Rg4 52. Rf8 Rh4 53. Rb8+ Kc6 54. Kb1 Kd5 55. Ra8 Kc6 56. Kc2
Rh2+ 57. Kd3 Rh3+ 58. Ke4 Rh4+ 59. Ke5 Rh5+ 60. Ke6 Rh6+
61. Kf5 Rh5+ 62. Ke4 Rh4+ 63. Kd3 Rh3+ 64. Kc2 Rh2+ 65. Kb1
Rh1+ 66. Ka2 Rh4 67. Rd8 Kc7 68. Rd2 Kc6 69. b3 axb3+ 70. Kxb3
Kb5 71. Rd5 Rg4 72. Rh5 Rf4 73. Rd5 Rh4 74. Rd8 c4+ 75. Kc2
Rh2+ 76. Kc1 Ka4 77. Rb8 Kxa3 78. Rb4 Rg2 79. Rxc4 Kb3 80. Rc5
Rc2+ 81. Kd1 Rxc3 82. Rxc3+ Kxc3 1/2-1/2

[Event "World Blitz Championship"]
[Site "Riyadh KSA"]
[Date "2017.12.29"]
[EventDate "2017.12.29"]
[Round "2.7"]
[Result "1/2-1/2"]
[White "Arkadij Naiditsch"]
[Black "Wang Hao"]
[WhiteElo "2705"]
[BlackElo "2709"]
[PlyCount "129"]

1. e4 e5 2. Nf3 Nc6 3. Nc3 Nf6 4. Bb5 Bb4 5. O-O O-O 6. d3
Bxc3 7. bxc3 d6 8. Bg5 Ne7 9. Re1 Ng6 10. d4 h6 11. Bc1 Bd7
12. Bf1 Re8 13. d5 Nh7 14. g3 Rf8 15. h4 Bg4 16. Be2 Qd7
17. Nh2 Bxe2 18. Qxe2 f5 19. Rb1 b6 20. exf5 Qxf5 21. Rb4 Nf6
22. Qc4 a5 23. Rb5 Rf7 24. Be3 Qxc2 25. Ng4 Nxg4 26. Qxg4 Qf5
27. Qxf5 Rxf5 28. a4 Nf8 29. Kg2 Nd7 30. Rbb1 Raf8 31. c4 R5f7
32. Re2 Kh7 33. Rf1 Nf6 34. f3 Kg6 35. Ref2 Nd7 36. Kh3 h5
37. Kg2 Nb8 38. Kh3 Na6 39. Kg2 Nb4 40. Rd1 Re8 41. g4 e4
42. gxh5+ Kxh5 43. fxe4 Rxf2+ 44. Kxf2 Rxe4 45. Rg1 Rg4
46. Rxg4 Kxg4 47. Bg5 Na6 48. Bd8 Kf4 49. Ke2 Ke4 50. Kf2 Kf4
51. Ke2 g6 52. Kf2 Ke5 53. Kg3 Nc5 54. Kg4 Ne4 55. Bxc7 Kd4
56. Bxb6+ Kxc4 57. Bxa5 Kxd5 58. Bb6 Kc6 59. Be3 Nc3 60. a5
Nd5 61. Bd2 Ne7 62. Kg5 Nf5 63. Be1 Kb5 64. Kxg6 Nxh4+
65. Bxh4 1/2-1/2

[Event "World Blitz Championship"]
[Site "Riyadh KSA"]
[Date "2017.12.29"]
[EventDate "2017.12.29"]
[Round "3.20"]
[Result "1-0"]
[White "Wang Hao"]
[Black "Kiril Dimitrov Georgiev"]
[WhiteElo "2709"]
[BlackElo "2623"]
[PlyCount "101"]

1. e4 e5 2. Nf3 Nc6 3. Bb5 Nf6 4. d3 Bc5 5. O-O d6 6. c3 O-O
7. h3 Bd7 8. Re1 Ne7 9. Bxd7 Nxd7 10. d4 Bb6 11. Nbd2 Ng6
12. Nc4 Re8 13. a4 a6 14. Nxb6 Nxb6 15. Bg5 Qc8 16. a5 Nd7
17. Rc1 Ndf8 18. c4 Ne6 19. Be3 c5 20. d5 Nd4 21. b4 f5
22. bxc5 dxc5 23. Nd2 Qd7 24. Rb1 Re7 25. Rb6 Rf8 26. Qb1 Ref7
27. exf5 Nh4 28. Bxd4 exd4 29. g4 g6 30. Qb3 gxf5 31. Qg3 Ng6
32. g5 Kh8 33. Nb3 Qc8 34. Rbe6 Rg8 35. Kf1 h6 36. Qd6 Kh7
37. Qxc5 hxg5 38. Qxd4 Nf4 39. Re7 Rgg7 40. Rxf7 Rxf7 41. h4
Qd8 42. Nc5 Re7 43. Re3 Rxe3 44. fxe3 Ng6 45. Ne6 Qe7 46. hxg5
Kg8 47. c5 Nf8 48. Qf6 Qxf6 49. gxf6 Nd7 50. c6 bxc6 51. dxc6
1-0